| 000 | 00795nam a22002057a 4500 | ||
|---|---|---|---|
| 999 |
_c13262 _d13262 |
||
| 003 | AR-CdUCM | ||
| 008 | 190411b ||||| |||| 00| 0 spa d | ||
| 040 |
_aMUNICIPALIDAD PROVINCIAL DEL CUSCO _cBIBLIOTECA MUNICIPAL DEL CUSCO |
||
| 082 |
_a376.4 / _bL23 / |
||
| 100 |
_aLandeo, Luis. _931585 |
||
| 245 | _aLa jerarquía en la docencia y sus funciones en la administración educativa / | ||
| 260 |
_aLima : _bImprenta colegio militar, |
||
| 300 |
_a192 páginas ; _c21 cm. |
||
| 505 | _aContenido: Las grandes fases del proceso educativo -- Las funciones del personal jerárquico -- Los instrumentos del aprendizaje... | ||
| 650 |
_aEducación peruana _93585 |
||
| 650 |
_aLegislación educativa _931586 |
||
| 650 |
_aAprendizaje _92143 |
||
| 942 |
_2ddc _cLIBROS |
||
| 945 |
_adavv _d11/04/2019 |
||